000 00934nam a22001697a 4500
005 20251201150543.0
020 _a978-9389811247
082 _a621.3 KOT
100 _aKothari D P
_9589
100 _aNagrath I J
_9183
245 _aBasic Electrical and Electronics Engineering_2nd Edition
250 _a2
260 _aMc Graw Hill
_bNew Delhi
_c2024
520 _aThis second edition of the book has been carefully revised to include important topicslike domestic Wiring, electrical installations, instrument transformers, battery, etc. Written in a lucid manner, It enables the learners to apply the basic concepts of electrical and Electronics Engineering for multi-disciplinary tasks and lays the foundation for higher levelcourses. Rich pool of problems and appendices enhance the utility of the book and make it a lasting resource for students and instructors of all branches of engineering
650 _aEEE
_94
942 _cBK
999 _c38047
_d38047